| 000 | 00607nam a2200205Ii 4500 | ||
|---|---|---|---|
| 003 | JO-AjNU | ||
| 008 | 230605s9999||||xx |||||||||||||| ||und|| | ||
| 040 |
_aJO-AjNU _bara _erda _cJO-AjNU |
||
| 041 | _aara | ||
| 050 | 1 | 4 | _aHF5547.5.S9942.1988 |
| 100 | 3 |
_aحسب الله، سيد, _eauthor _939467 |
|
| 245 | 0 | 0 | _aفن السكرتارية والمراسلات الحديثة |
| 250 | _aط2 | ||
| 264 | 3 | 1 | _aد.م:د.ن؛1988 |
| 300 | _a199ص | ||
| 336 |
_atext _btxt _2rdacontent |
||
| 337 |
_aunmediated _bn _2rdamedia |
||
| 338 |
_avolume _bnc _2rdacarrier |
||
| 650 | 4 |
_aالسكرتارية _939468 |
|
| 999 |
_aA16670 _c20238 _d20238 |
||